000 00876nam a2200181Ia 4500
008 090124s9999 xx 000 0 und d
082 _b132487
100 _aकटककर वसंत हरी
245 _a" मन्दज्योति व फवारे ( नाट्यछटा,लघुकथा,भावकथा,विनोदी लेख )"
250 _a0
260 _c2004
300 _a195
600 _aकटककर वसंत हरी
630 _a" मन्दज्योति व फवारे ( नाट्यछटा,लघुकथा,भावकथा,विनोदी लेख )"
700 _aकटककर वसंत हरी
730 _a" मन्दज्योति व फवारे ( नाट्यछटा,लघुकथा,भावकथा,विनोदी लेख )"
942 _cBOOK
999 _c178576
_d178576